Educación artística 3 : (Registro nro. 10095)
[ vista simple ]
| 000 -LEADER | |
|---|---|
| fixed length control field | 01224nam a22003137a 4500 |
| 001 - CONTROL NUMBER | |
| control field | 0000123895 |
| 003 - CONTROL NUMBER IDENTIFIER | |
| control field | DO-SdBNP |
| 005 - DATE AND TIME OF LATEST TRANSACTION | |
| control field | 20160511131409.0 |
| 007 - PHYSICAL DESCRIPTION FIXED FIELD--GENERAL INFORMATION | |
| fixed length control field | 0000123895 |
| 008 - FIXED-LENGTH DATA ELEMENTS--GENERAL INFORMATION | |
| fixed length control field | 160429b 2014 dr ||||| |||| 00| 0 spa d |
| 020 ## - INTERNATIONAL STANDARD BOOK NUMBER | |
| International Standard Book Number | 9789945190076 |
| 040 ## - CATALOGING SOURCE | |
| Original cataloging agency | BPMSU |
| Language of cataloging | spa |
| Transcribing agency | BPMSU |
| 092 ## - LOCALLY ASSIGNED DEWEY CALL NUMBER (OCLC) | |
| Classification number | xxxxx |
| Item number | xxxxx |
| 100 ## - MAIN ENTRY--PERSONAL NAME | |
| Personal name | Salcedo Fernández, Lilian |
| 245 00 - TITLE STATEMENT | |
| Title | Educación artística 3 : |
| Remainder of title | educación primaria / |
| Statement of responsibility, etc. | Lilian Salcedo Fernández; producción editorial Claudia Llibre ; ilustración Ruddy Núñez..[et. al] |
| 260 ## - PUBLICATION, DISTRIBUTION, ETC. (IMPRINT) | |
| Place of publication, distribution, etc. | Santo Domingo : |
| Name of publisher, distributor, etc. | Santillana, |
| -- | |
| Date of publication, distribution, etc. | 2014. |
| 300 ## - PHYSICAL DESCRIPTION | |
| Extent | 95 p. : |
| Other physical details | il.; |
| Dimensions | 27 cm. |
| 490 ## - SERIES STATEMENT | |
| Series statement | Todos juntos |
| 500 ## - GENERAL NOTE | |
| General note | |
| 500 ## - GENERAL NOTE | |
| General note | Este libro ha sido realizado de conformidad con el currículum vigente y ha sido sometido a la aprobación del MINERD [Ministerio de Educación República Dominicana] |
| 500 ## - GENERAL NOTE | |
| General note | El libro de educación artística 1, para el primer curso del nivel primario, esta dividido en dibujo y técnica, música, teatroy recortables |
| 504 ## - BIBLIOGRAPHY, ETC. NOTE | |
| Bibliography, etc | |
| 700 12 - ADDED ENTRY--PERSONAL NAME | |
| Personal name | Llibre, Claudia |
| Relator term | |
| 700 12 - ADDED ENTRY--PERSONAL NAME | |
| Personal name | Núñez, Ruddy |
| Relator term | il. |
| 830 ## - SERIES ADDED ENTRY--UNIFORM TITLE | |
| Uniform title | Todos juntos |
| 910 ## - USER-OPTION DATA (OCLC) | |
| User-option data | 00041 |
| 942 ## - ADDED ENTRY ELEMENTS (KOHA) | |
| Source of classification or shelving scheme | Dewey Decimal Classification |
| Koha item type | Libros |
| 956 ## - LOCAL ELECTRONIC LOCATION AND ACCESS (OCLC) | |
| Access method | VMATEO |
| Materials specified | 10 |
| Linkage | 20160511 |
| Field link and sequence number | BPMSU |
| Host name | 0069 |
| Withdrawn status | Lost status | Source of classification or shelving scheme | Damaged status | Not for loan | Collection code | Home library | Current library | Date acquired | Source of acquisition | Total Checkouts | Barcode | Date last seen | Price effective from | Koha item type |
|---|---|---|---|---|---|---|---|---|---|---|---|---|---|---|
| Dewey Decimal Classification | Biblioteca Pública Metropolitana Salomé Ureña | Biblioteca Pública Metropolitana Salomé Ureña | 05/11/2016 | Donación | BPMET16050251 | 05/11/2016 | 05/11/2016 | Libros |